00546nam a2200169Ia 4500008004100000100002100041245008800062245004100150260003900191260000900230300002600239440005600265650001100321650001500332650001400347650001500361170510s9999 xx 000 0 und d aHays, Nicholas A aTo give or not to give? Interactive effects of status and legitimacy on generosity. cHays, Nicholas A.; Blader, Steven L. bAmerican Psychological Association c2017 apages 17-38, January  aJournal of Personality and Social Psychologyv112:1 aEquity aGenerosity aHierarchy aLegitimacy